[Event "FRM Cup 11th"]
[Site "Stip"]
[Date "2002.05.09"]
[Round "2"]
[White "Balov, Darko"]
[Black "Jankov, Janko"]
[Result "1-0"]
[WhiteElo "2161"]
[BlackElo "2225"]
[PlyCount "83"]
[EventDate "2002.05.08"]
[Source "ChessBase"]
[SourceDate "2002.07.08"]

1. d4 d5 2. c4 c5 3. cxd5 Qxd5 4. Nf3 cxd4 5. Nc3 Qd8 6. Qxd4 Bd7 7. Bg5 f6 8. Bh4 e5 9. Qd2 g5 10. Bg3 Nc6 11. e3 g4 12. Ng1 h5 13. Bh4 Qa5 14. Bc4 Bg7 15. O-O-O O-O-O 16. Nb5 Qxd2+ 17. Rxd2 Nh6 18. Nd6+ Kc7 19. Ne2 Nf5 20. Nxf5 Bxf5 21. Rhd1 Rxd2 22. Rxd2 Be4 23. g3 Ne7 24. Nc3 Bc6 25. Be6 Rd8 26. Bf7 Be8 27. Bxe8 Rxe8 28. Nb5+ Kc6 29. a4 Nc8 30. Rc2+ Kb6 31. Nc7 Rg8 32. b4 a6 33. Nd5+ Ka7 34. Nxf6 Rh8 35. Rc7 Bh6 36. Nxh5 Nb6 37. Nf6 Nxa4 38. Nxg4 Bf8 39. Rc8 Rxh4 40. gxh4 Bxb4 41. h5 Nb6 42. h6 1-0

[Event "Jezero Open"]
[Site "?"]
[Date "2003.08.20"]
[Round "7"]
[White "Jokic Miodrag"]
[Black "Podinic Bojan"]
[Result "1-0"]
[WhiteElo "2169"]
[BlackElo "2206"]
[PlyCount "75"]
[EventDate "2003.??.??"]
[Source "www.chesslib.no"]
[SourceDate "2004.05.04"]

1. d4 d5 2. c4 c5 3. Nc3 Nf6 4. cxd5 Nxd5 5. e4 Nxc3 6. bxc3 cxd4 7. cxd4 e5 8. d5 Bc5 9. Bb5+ Nd7 10. Qe2 Bd4 11. Rb1 Qa5+ 12. Bd2 Qxa2 13. Rc1 a6 14. Bc4 Qa3 15. Nf3 b5 16. Nxd4 exd4 17. Bd3 Ne5 18. Bb1 Bg4 19. f3 Nxf3+ 20. gxf3 Bxf3 21. Qf1 Bxh1 22. Qxh1 O-O 23. Qg2 Rac8 24. Rxc8 Rxc8 25. Qg4 Re8 26. Qd7 Rf8 27. Ke2 Qa1 28. Bd3 Qg1 29. d6 b4 30. Bc4 Qxh2+ 31. Kd3 a5 32. Qe7 Qg3+ 33. Kxd4 Qf2+ 34. Be3 Qb2+ 35. Kd5 Qh2 36. d7 Qc7 37. Bc5 Rd8 38. Qe8+ 1-0

[Event "Ploiesti TC IND Cup Open"]
[Site "?"]
[Date "2002.09.26"]
[Round "7"]
[White "Mosnegutu Klaus"]
[Black "Pogorevici Leonid"]
[Result "0-1"]
[WhiteElo "2187"]
[BlackElo "2144"]
[PlyCount "64"]
[EventDate "2002.??.??"]
[Source "www.chesslib.no"]
[SourceDate "2004.05.04"]

1. d4 d5 2. c4 c5 3. dxc5 dxc4 4. Qa4+ Nc6 5. Qxc4 e5 6. a3 Be6 7. Qc3 a5 8. Nf3 f6 9. Nbd2 Qd5 10. b4 axb4 11. axb4 Rxa1 12. Qxa1 Nxb4 13. Qa4+ Nc6 14. Ba3 Bxc5 15. Qa8+ Nd8 16. e4 Qd6 17. Bb5+ Ke7 18. Bb2 Qb6 19. Qa4 Bxf2+ 20. Ke2 Qe3+ 21. Kd1 Nh6 22. Rf1 Nc6 23. Qa3+ Kd7 24. Bxc6+ bxc6 25. Qa6 Rb8 26. Kc2 Qc5+ 27. Bc3 Ng4 28. Qd3+ Kc7 29. Ra1 Ne3+ 30. Kc1 Nc4 31. Kd1 Nxd2 32. Bxd2 Bb3+ 0-1

[Event "Wichern op 6th"]
[Site "?"]
[Date "2001.10.17"]
[Round "5.36"]
[White "Hedayat Nassab Djamschid"]
[Black "Melde Christian"]
[Result "1-0"]
[WhiteElo "2123"]
[BlackElo "2141"]
[PlyCount "55"]
[EventDate "2001.??.??"]
[Source "www.chesslib.no"]
[SourceDate "2004.05.04"]

1. d4 d5 2. c4 c5 3. dxc5 e6 4. cxd5 exd5 5. Nf3 Bxc5 6. e3 Nf6 7. Bb5+ Nc6 8. O-O O-O 9. b3 Bg4 10. Bb2 Qe7 11. Be2 Rfe8 12. Nc3 Rad8 13. Nd4 Ne5 14. Bxg4 Nfxg4 15. h3 Nh6 16. Nce2 Ng6 17. Ng3 Nh4 18. Qh5 Rd6 19. Rac1 Ra6 20. Qxd5 Rxa2 21. Qxc5 Qxc5 22. Rxc5 Rxb2 23. Rc7 g6 24. Rxb7 Rxe3 25. Nh5 gxh5 26. fxe3 Rxg2+ 27. Kh1 Rg3 28. Rg1 1-0

[Event "It (open) (b)"]
[Site "Zupanja (Croatia)"]
[Date "2008.01.04"]
[Round "2"]
[White "Bajramovic Halid (BIH)"]
[Black "Zarko Ivica (CRO)"]
[Result "1-0"]
[WhiteElo "2216"]
[BlackElo "2041"]
[PlyCount "99"]
[EventDate "2008.??.??"]
[Source "www.chesslib.no"]
[SourceDate "2004.05.04"]

1. d4 d5 2. c4 c5 3. cxd5 e6 4. dxc5 Bxc5 5. Nc3 Nf6 6. dxe6 Qxd1+ 7. Nxd1 Bxe6 8. e3 O-O 9. a3 Nc6 10. b4 Bxb4+ 11. axb4 Nxb4 12. Bb2 Nc2+ 13. Kd2 Nxa1 14. Bxa1 Ne4+ 15. Ke1 Rac8 16. Ne2 Rfd8 17. Bd4 b6 18. f3 Nd6 19. Ndc3 Nf5 20. Kd2 h5 21. Rg1 Kf8 22. g4 hxg4 23. fxg4 Nh4 24. Rg3 Ng6 25. Ke1 Ne7 26. Bg2 Nc6 27. Bxc6 Rxc6 28. h4 f6 29. g5 Kf7 30. h5 fxg5 31. Rxg5 Rg8 32. Nf4 Bb3 33. Ng6 Re6 34. Ne2 Bc2 35. Nef4 Rd6 36. Ne5+ Kf8 37. Rg2 Be4 38. Ra2 a5 39. Bxb6 Rxb6 40. Nd7+ Ke7 41. Nxb6 Rb8 42. Rxa5 Kf7 43. Rb5 Rb7 44. Nc4 Rxb5 45. Nd6+ Kf6 46. Nxb5 g5 47. hxg6 Ke5 48. Nd4 Kf6 49. Kf2 Kg7 50. Kg3 1-0

[Event "FRA-ch76 Open A"]
[Site "Marselha"]
[Date "2001.??.??"]
[Round "2"]
[White "Decosse, Jean Fabien"]
[Black "Diakonov, Michel"]
[Result "1-0"]
[WhiteElo "2181"]
[BlackElo "2053"]
[PlyCount "107"]
[EventDate "2001.08.14"]
[Source "www.chesslib.no"]
[SourceDate "2004.05.04"]

1. d4 d5 2. c4 c5 3. cxd5 Qxd5 4. Nf3 e6 5. Nc3 Qd8 6. d5 Nf6 7. e4 exd5 8. exd5 Bd6 9. Bd3 O-O 10. O-O Bg4 11. Bg5 Nbd7 12. h3 Bxf3 13. Qxf3 Ne5 14. Qf5 Nxd3 15. Qxd3 h6 16. Be3 Qd7 17. Rfd1 a6 18. a4 b6 19. b3 a5 20. Ra2 Be5 21. Nb5 Bd6 22. Na3 Rfe8 23. Nc4 Qc7 24. Qf5 Re4 25. Bxh6 Rae8 26. Kf1 Qe7 27. Be3 Nd7 28. Rc2 f6 29. Qf3 Rh4 30. Re2 Rxc4 31. bxc4 Ne5 32. Qe4 f5 33. Qxf5 Nxc4 34. Qe6+ Qxe6 35. dxe6 Rxe6 36. Bg5 Kf7 37. Bd8 Be5 38. Rde1 Bf6 39. Rxe6 Bxd8 40. R6e4 Nd2+ 41. Kg1 Nxe4 42. Rxe4 Bf6 43. Kf1 Bc3 44. Ke2 g6 45. Kd3 Bf6 46. Kc4 Bg5 47. Kb5 Bd8 48. Kc6 g5 49. f3 Kf8 50. Kd7 Bf6 51. Kc7 Bc3 52. Kxb6 Bb4 53. Rc4 Ke7 54. Rxc5 1-0

[Event "CZE-chT2b 0001"]
[Site "?"]
[Date "2001.??.??"]
[Round "?"]
[White "Daniel Martin"]
[Black "Burda Roman"]
[Result "0-1"]
[WhiteElo "2070"]
[BlackElo "2135"]
[PlyCount "98"]
[EventDate "2001.??.??"]
[Source "www.chesslib.no"]
[SourceDate "2004.05.04"]

1. d4 d5 2. c4 c5 3. cxd5 Qxd5 4. Nf3 cxd4 5. Nc3 Qd8 6. Qxd4 Bd7 7. Bf4 Nc6 8. Qd2 Bf5 9. e4 Qxd2+ 10. Nxd2 e5 11. Be3 Bd7 12. O-O-O Nf6 13. Nc4 O-O-O 14. f3 Be6 15. Rxd8+ Kxd8 16. Nb5 a6 17. Bb6+ Kc8 18. Nc3 Nd7 19. Be3 Bc5 20. Bxc5 Nxc5 21. Nb6+ Kc7 22. Nbd5+ Kd6 23. b4 Nd7 24. a3 Nd4 25. Kd2 a5 26. Bd3 axb4 27. axb4 Ra8 28. Ke3 Bxd5 29. Nxd5 Ra2 30. g4 Nb8 31. h4 Nbc6 32. Rb1 Nc2+ 33. Bxc2 Rxc2 34. Rf1 Rb2 35. Rd1 Nd4 36. f4 f6 37. fxe5+ fxe5 38. Nc3 Rxb4 39. Rb1 Kc5 40. Kd2 Rxb1 41. Nxb1 Nf3+ 42. Kc3 Nxh4 43. Nd2 g6 44. Nc4 Nf3 45. Kd3 b5 46. Ne3 b4 47. Nd5 h5 48. Ne7 h4 49. Ke3 b3 0-1

[Event "EST-chT Cup"]
[Site "Tallinn"]
[Date "2000.02.25"]
[Round "?"]
[White "Korchagin, Oleg"]
[Black "Soot, Margus"]
[Result "1-0"]
[WhiteElo "2134"]
[BlackElo "2064"]
[PlyCount "31"]
[EventDate "2000.02.25"]
[Source "www.chesslib.no"]
[SourceDate "2004.05.04"]

1. d4 d5 2. c4 c5 3. Nc3 dxc4 4. d5 g6 5. e4 Bg7 6. Bxc4 a6 7. a4 b6 8. h3 h5 9. Nf3 Nh6 10. Bf4 Nd7 11. O-O Bb7 12. Re1 f6 13. Bxh6 Bxh6 14. e5 O-O 15. d6+ Kg7 16. dxe7 1-0

[Event "Graz Ch"]
[Site "Graz AUT"]
[Date "1992.??.??"]
[Round "8"]
[White "Pesorda, Ivan"]
[Black "Velickovic, Zoran"]
[Result "0-1"]
[WhiteElo "1890"]
[BlackElo "2295"]
[PlyCount "61"]
[EventDate "1992.??.??"]
[Source "www.chesslib.no"]
[SourceDate "2004.05.04"]

1. d4 d5 2. c4 c5 3. dxc5 d4 4. Nf3 Nc6 5. e3 e5 6. exd4 exd4 7. Bd3 Bxc5 8. O-O Nf6 9. Re1+ Be7 10. Na3 O-O 11. Nc2 Bc5 12. a3 a5 13. b3 Bg4 14. h3 Bh5 15. Bb2 Qb6 16. Rb1 Rfe8 17. Rxe8+ Rxe8 18. g4 Nxg4 19. hxg4 Bxg4 20. b4 Ne5 21. bxc5 Qf6 22. Ncxd4 Bxf3 23. Nxf3 Nxf3+ 24. Kg2 Ne1+ 25. Kg3 Qg5+ 26. Qg4 Qxg4+ 27. Kxg4 Nxd3 28. Bd4 Re4+ 29. Kf3 Rxd4 30. Ke3 Rd8 31. Rxb7 0-1

[Event "Mollerussa op-A"]
[Site "?"]
[Date "1997.??.??"]
[Round "4"]
[White "Pique Safont Juan Manuel"]
[Black "Cots Paltor Jordi"]
[Result "1-0"]
[WhiteElo "2000"]
[BlackElo "2185"]
[PlyCount "70"]
[EventDate "1997.??.??"]
[Source "www.chesslib.no"]
[SourceDate "2004.05.04"]

1. d4 d5 2. c4 c5 3. dxc5 d4 4. e3 e5 5. exd4 Qxd4 6. Qxd4 exd4 7. Nf3 Nc6 8. Na3 Bxc5 9. Nb5 Bb4+ 10. Bd2 Bxd2+ 11. Kxd2 Kd7 12. Nfxd4 Nxd4 13. Nxd4 Nf6 14. f3 Rd8 15. Rd1 Ke8 16. Ke1 Be6 17. Be2 Rac8 18. b3 a6 19. Kf2 g6 20. Rhe1 Rd6 21. Nxe6 Rxe6 22. Bf1 Rd8 23. Rxe6+ fxe6 24. Rxd8+ Kxd8 25. Bd3 Kc7 26. Ke3 a5 27. Kf4 Kd6 28. Be4 g5+ 29. Ke3 b6 30. g4 Kc5 31. a3 a4 32. Bc2 axb3 33. Bxb3 h6 34. h3 e5 35. Kd3 Kd6 1-0

[Event "Bucharest-B women"]
[Site "Bucharest ROM"]
[Date "1994.??.??"]
[Round "?"]
[White "Gogalea, Eleonora"]
[Black "Teodorescu, Margareta"]
[Result "1/2-1/2"]
[WhiteElo "2070"]
[BlackElo "2095"]
[PlyCount "48"]
[EventDate "1994.??.??"]
[Source "www.chesslib.no"]
[SourceDate "2004.05.04"]

1. d4 d5 2. c4 c5 3. cxd5 Qxd5 4. Nc3 Qxd4 5. Qxd4 cxd4 6. Nb5 Na6 7. Nf3 Bd7 8. Nbxd4 Nf6 9. e3 Nc7 10. Bd3 e6 11. e4 Bb4+ 12. Ke2 O-O 13. Bf4 Rfc8 14. Rac1 Nce8 15. a3 Ba5 16. h3 a6 17. g4 Rxc1 18. Rxc1 Rc8 19. Ne5 Rxc1 20. Bxc1 Bc8 21. Ndf3 Nd6 22. b4 Bc7 23. Ke3 Bb6+ 24. Nd4 Nd7 1/2-1/2

[Event "Bethune FRA, Summer Festival 05"]
[Site "?"]
[Date "2005.07.02"]
[Round "1.5"]
[White "Griffon Olivier"]
[Black "Gaillard Bruno"]
[Result "1/2-1/2"]
[WhiteElo "2060"]
[BlackElo "1943"]
[PlyCount "47"]
[EventDate "2005.??.??"]
[Source "www.chesslib.no"]
[SourceDate "2004.05.04"]

1. d4 d5 2. c4 c5 3. dxc5 d4 4. e3 e5 5. exd4 exd4 6. Bd3 Bxc5 7. Ne2 Nc6 8. Nd2 Nge7 9. O-O O-O 10. a3 a5 11. b3 Ng6 12. Ne4 b6 13. Nf4 Nge5 14. Nxc5 bxc5 15. Be4 Bg4 16. f3 Bd7 17. Qc2 Ng6 18. Nd3 Qb6 19. f4 Rae8 20. Re1 Nge7 21. Ne5 Nxe5 22. fxe5 Ng6 23. Bxg6 hxg6 24. Bf4 1/2-1/2

[Event "It (open) (b)"]
[Site "?"]
[Date "2005.01.31"]
[Round "6"]
[White "Bembich Corrado"]
[Black "Muradore Aldo"]
[Result "1-0"]
[WhiteElo "2000"]
[BlackElo "2000"]
[PlyCount "45"]
[EventDate "2005.??.??"]
[Source "www.chesslib.no"]
[SourceDate "2004.05.04"]

1. d4 d5 2. c4 c5 3. Nf3 cxd4 4. Qxd4 Nc6 5. Qxd5 Qxd5 6. cxd5 Nb4 7. Na3 a6 8. Bd2 Nxd5 9. e4 Ndf6 10. Bd3 e6 11. Nc4 b5 12. Nb6 Rb8 13. Rc1 Bb7 14. Ba5 Bxe4 15. Be2 Nd5 16. Nxd5 Bxd5 17. b3 Bd6 18. O-O Ne7 19. Bc7 Bxc7 20. Rxc7 Nc6 21. Rc1 Nd8 22. Ne5 O-O 23. Nd7 1-0

[Event "OWL Ch"]
[Site "Oelde"]
[Date "1994.??.??"]
[Round "2"]
[White "Tuschinske, Matthias"]
[Black "Heick, Andreas"]
[Result "1-0"]
[WhiteElo "2115"]
[BlackElo "1875"]
[PlyCount "143"]
[EventDate "1994.04.??"]
[Source "www.chesslib.no"]
[SourceDate "2004.05.04"]

1. d4 d5 2. c4 c5 3. cxd5 Qxd5 4. Nf3 cxd4 5. Nc3 Qd8 6. Qxd4 Qxd4 7. Nxd4 Nf6 8. g3 e5 9. Ndb5 Na6 10. Be3 Bd7 11. Nxa7 Bb4 12. Bg2 e4 13. O-O Bxc3 14. bxc3 O-O 15. a4 Nd5 16. Bd4 Nxc3 17. Bxc3 Rxa7 18. Bd4 Raa8 19. Bxe4 Bc6 20. Bxc6 bxc6 21. Bb6 Rfe8 22. e3 c5 23. Rac1 Nb8 24. Rxc5 Nd7 25. Rc6 Nxb6 26. Rxb6 Rxa4 27. Rb7 Raa8 28. Rd1 Rab8 29. Rdd7 Rxb7 30. Rxb7 g6 31. g4 Kg7 32. Kg2 Ra8 33. Kg3 Ra5 34. h4 h6 35. Rd7 Rb5 36. f4 Rb3 37. Kf3 Rb1 38. Rd5 Rf1+ 39. Ke4 Rg1 40. Kf3 Rf1+ 41. Kg2 Re1 42. Kf2 Rh1 43. h5 Ra1 44. hxg6 Kxg6 45. Rd6+ Kg7 46. Kf3 Ra4 47. f5 Rb4 48. e4 Ra4 49. Kf4 Rb4 50. Rc6 Ra4 51. Rb6 Ra1 52. Rb4 Rf1+ 53. Ke5 Rg1 54. f6+ Kg6 55. Rb8 Rxg4 56. Rg8+ Kh5 57. Rg7 Rg5+ 58. Kd6 Ra5 59. e5 Ra6+ 60. Ke7 Re6+ 61. Kxf7 Rxe5 62. Kf8 Kh4 63. f7 h5 64. Kg8 Rf5 65. f8=Q Rxf8+ 66. Kxf8 Kh3 67. Kf7 h4 68. Kf6 Kh2 69. Kf5 h3 70. Kf4 Kh1 71. Kf3 h2 72. Ra7 1-0

[Event "Werther"]
[Site "?"]
[Date "2004.04.04"]
[Round "5.1"]
[White "Tumulla Peter"]
[Black "Kinnunen Matti"]
[Result "1-0"]
[WhiteElo "1891"]
[BlackElo "1941"]
[PlyCount "45"]
[EventDate "2004.??.??"]
[Source "www.chesslib.no"]
[SourceDate "2004.05.04"]

1. d4 d5 2. c4 c5 3. cxd5 Nf6 4. dxc5 Qa5+ 5. Nc3 Qxc5 6. e4 Nbd7 7. Nf3 Ng4 8. Qc2 g6 9. h3 Nge5 10. Nxe5 Nxe5 11. Be3 Qa5 12. Qb3 Bg7 13. Qb5+ Qxb5 14. Nxb5 O-O 15. Nc7 Rb8 16. Bxa7 Bd7 17. Bxb8 Rxb8 18. f4 Rc8 19. Rc1 Bf6 20. Kf2 b5 21. fxe5 Bxe5 22. Bxb5 Bxb5 23. Nxb5 1-0

[Event "Corr"]
[Site "?"]
[Date "2004.11.06"]
[Round "?"]
[White "Baumann Dariusz"]
[Black "Bertel Michael"]
[Result "0-1"]
[WhiteElo "1900"]
[BlackElo "1901"]
[PlyCount "76"]
[EventDate "2004.??.??"]
[Source "www.chesslib.no"]
[SourceDate "2004.05.04"]

1. d4 d5 2. c4 c5 3. e4 dxe4 4. d5 e6 5. Nc3 Nf6 6. Bg5 Be7 7. Bxf6 Bxf6 8. Nxe4 Bxb2 9. Rb1 Bd4 10. Nf3 exd5 11. cxd5 Qxd5 12. Bd3 O-O 13. O-O Bg4 14. h3 Bh5 15. g4 Bg6 16. Re1 Nc6 17. Nfd2 Bxf2+ 18. Nxf2 Bxd3 19. Rxb7 Rad8 20. Qf3 Qxf3 21. Nxf3 Bc4 22. a3 Bd5 23. Nd2 f5 24. Rb5 fxg4 25. Rxc5 gxh3 26. Nxh3 Nd4 27. Re7 Nf3+ 28. Nxf3 Rxf3 29. Kh2 Rxa3 30. Rcc7 Ra2+ 31. Kg3 Rg2+ 32. Kf4 Rf8+ 33. Ke5 Bb3 34. Rxa7 Rg3 35. Reb7 Re3+ 36. Kd4 Rxh3 37. Rxg7+ Kh8 38. Ke5 Rh5+ 0-1

[Event "MSS-ch"]
[Site "?"]
[Date "1997.??.??"]
[Round "?"]
[White "Dittrich, Pavel"]
[Black "Uher, V."]
[Result "1/2-1/2"]
[WhiteElo "1760"]
[BlackElo "1990"]
[PlyCount "83"]
[EventDate "1997.??.??"]
[Source "www.chesslib.no"]
[SourceDate "2004.05.04"]

1. d4 d5 2. c4 c5 3. cxd5 Nf6 4. dxc5 Qxd5 5. Qxd5 Nxd5 6. Bd2 e6 7. Na3 Bxc5 8. Rc1 Nd7 9. Nb5 O-O 10. Nf3 b6 11. e3 N7f6 12. Be2 Ne4 13. a3 Rd8 14. Nc3 Nxd2 15. Nxd2 Bb7 16. Nxd5 Bxd5 17. Bf3 Be7 18. Bxd5 Rxd5 19. Ke2 Bf6 20. Rc2 g6 21. Ne4 Be5 22. Rd1 Rad8 23. Rxd5 exd5 24. Ng5 d4 25. exd4 Bxd4 26. Nf3 Bf6 27. b3 Rd7 28. Rd2 Rc7 29. Ke3 h5 30. Rd3 Be7 31. b4 b5 32. Ne5 Bf6 33. Nd7 Be7 34. Ne5 Rc2 35. Rd7 Bf6 36. Nxf7 Rc3+ 37. Ke2 Rxa3 38. Nh6+ Kh8 39. Nf7+ Kg7 40. Ne5+ Kh6 41. Nf7+ Kg7 42. Ne5+ 1/2-1/2

[Event "Corr"]
[Site "?"]
[Date "2002.12.22"]
[Round "?"]
[White "Endean Andrew"]
[Black "Bertel Michael"]
[Result "0-1"]
[WhiteElo "1871"]
[BlackElo "1861"]
[PlyCount "58"]
[EventDate "2002.??.??"]
[Source "www.chesslib.no"]
[SourceDate "2004.05.04"]

1. d4 d5 2. c4 c5 3. cxd5 e6 4. Nf3 Nf6 5. Bg5 cxd4 6. Qxd4 exd5 7. e3 Nc6 8. Bb5 Bd7 9. Bxc6 bxc6 10. O-O Be7 11. Nc3 Qb6 12. Qxb6 axb6 13. Ne5 Ng4 14. Bxe7 Nxe5 15. Bh4 O-O 16. a4 Nd3 17. b3 Rfe8 18. Bg3 Ra7 19. Rfd1 Bf5 20. Bd6 Rd7 21. Ba3 d4 22. exd4 Rxd4 23. h3 c5 24. Nb5 Rd7 25. g4 Be4 26. Nc3 Bc6 27. Ra2 Bf3 28. Rf1 Nf4 29. Kh2 Rd3 0-1

[Event "Corr"]
[Site "?"]
[Date "2002.12.22"]
[Round "?"]
[White "Jordan Tanya"]
[Black "Bertel Michael"]
[Result "1/2-1/2"]
[WhiteElo "1853"]
[BlackElo "1878"]
[PlyCount "85"]
[EventDate "2002.??.??"]
[Source "www.chesslib.no"]
[SourceDate "2004.05.04"]

1. d4 d5 2. c4 c5 3. Nf3 cxd4 4. Qxd4 e6 5. cxd5 exd5 6. e4 Nc6 7. Bb5 Nf6 8. exd5 Qxd5 9. Qxd5 Nxd5 10. O-O Be6 11. Ng5 O-O-O 12. Nxe6 fxe6 13. Bxc6 bxc6 14. Bg5 Rd7 15. Rc1 h6 16. Bd2 Kb7 17. Nc3 Bb4 18. a3 Nxc3 19. Bxc3 Bxc3 20. Rxc3 Rd2 21. b4 Rhd8 22. Kf1 Kb6 23. Rac1 Rd1+ 24. Rxd1 Rxd1+ 25. Ke2 Ra1 26. f3 Ra2+ 27. Kf1 g5 28. h3 Kb5 29. Re3 Ka4 30. Rxe6 Rxa3 31. Rxh6 Kxb4 32. Rxc6 a5 33. Rb6+ Kc4 34. Rg6 a4 35. Rxg5 Ra1+ 36. Kf2 a3 37. Ra5 Ra2+ 38. Kg3 Kb4 39. Ra7 Rd2 40. Rb7+ Kc3 41. h4 Rd4 42. h5 a2 43. Ra7 1/2-1/2

[Event "Villa Ballester Open"]
[Site "Villa Ballester ARG"]
[Date "1991.??.??"]
[Round "5"]
[White "Dickau, Daniel"]
[Black "Loschiavo, Victor"]
[Result "1-0"]
[WhiteElo "1940"]
[BlackElo "1760"]
[PlyCount "50"]
[EventDate "1991.??.??"]
[Source "www.chesslib.no"]
[SourceDate "2004.05.04"]

1. d4 d5 2. c4 c5 3. dxc5 e6 4. b4 Nf6 5. Bb2 Be7 6. e3 O-O 7. Nf3 a5 8. a3 axb4 9. axb4 Rxa1 10. Bxa1 b6 11. Bd4 bxc5 12. bxc5 Ba6 13. Be2 Qa5+ 14. Qd2 Qc7 15. cxd5 Bxe2 16. d6 Qb7 17. Kxe2 Bd8 18. Rc1 Nc6 19. Kf1 Ne4 20. Qb2 Qd7 21. Bxg7 Re8 22. Ne5 Nxe5 23. Qxe5 f5 24. Bh8 Bg5 25. c6 Qf7 1-0

[Event "Dublin, Ireland"]
[Site "?"]
[Date "2003.05.05"]
[Round "6"]
[White "McPhillips Karl"]
[Black "Reilly Paul"]
[Result "1-0"]
[WhiteElo "1966"]
[BlackElo "1712"]
[PlyCount "86"]
[EventDate "2003.??.??"]
[Source "www.chesslib.no"]
[SourceDate "2004.05.04"]

1. d4 d5 2. c4 c5 3. Nc3 Nf6 4. Nf3 Nc6 5. Bf4 Bg4 6. dxc5 Bxf3 7. exf3 d4 8. Ne4 Nxe4 9. fxe4 e5 10. Bd2 Bxc5 11. a3 O-O 12. b4 Bb6 13. c5 Bc7 14. Bc4 Rb8 15. O-O Kh8 16. a4 Qh4 17. Ra3 f5 18. Rh3 Qe7 19. Qh5 g6 20. Qxg6 fxe4 21. Bg5 Qd7 22. Bf6+ Rxf6 23. Qxf6+ Qg7 24. Qxg7+ Kxg7 25. b5 Ne7 26. Re1 Ng6 27. Rxe4 Rf8 28. Kf1 Bd8 29. Rg4 Kh8 30. Bd3 Kg7 31. Rhg3 Rf6 32. h4 Kh6 33. Bxg6 hxg6 34. Rf3 Rxf3 35. gxf3 Kg7 36. Ke2 Kf6 37. Kd3 Kf5 38. Re4 Bc7 39. f4 exf4 40. Rxd4 Kg4 41. Rd7 Kf3 42. Rxc7 Kxf2 43. Rf7 Kf3 1-0

[Event "Bayernliga 2001/02"]
[Site "?"]
[Date "2002.??.??"]
[Round "7"]
[White "Muehlbauer Wolfgang"]
[Black "Ogiermann Ewald"]
[Result "0-1"]
[WhiteElo "1900"]
[BlackElo "1730"]
[PlyCount "70"]
[EventDate "2002.??.??"]
[Source "www.chesslib.no"]
[SourceDate "2004.05.04"]

1. d4 d5 2. c4 c5 3. cxd5 Nf6 4. Qa4+ Qd7 5. Qb3 Qxd5 6. dxc5 e5 7. Qxd5 Nxd5 8. a3 Bxc5 9. e4 Nf6 10. Bd3 O-O 11. Nf3 Nc6 12. Bg5 Rd8 13. Bb5 Nd4 14. Nxd4 Bxd4 15. Nc3 Be6 16. O-O Rdc8 17. Bd2 Rc5 18. Bd3 Rd8 19. Bc2 Ng4 20. Rad1 Bc4 21. Be3 Bxf1 22. Kxf1 Nxh2+ 23. Ke2 Ng4 24. Bb3 Rcc8 25. Bxd4 Rxd4 26. Rxd4 exd4 27. Nd5 Kf8 28. f3 Ne3 29. Nf4 g5 30. Nh3 h6 31. g3 Nc4 32. Kd3 Ne5+ 33. Ke2 Rc1 34. Nf2 Rg1 35. f4 Rxg3 0-1

[Event "Bayernliga 2002/03_R1"]
[Site "?"]
[Date "2002.10.20"]
[Round "7.1"]
[White "Palamar Mujo"]
[Black "Ogiermann Ewald"]
[Result "1/2-1/2"]
[WhiteElo "1805"]
[BlackElo "1784"]
[PlyCount "132"]
[EventDate "2002.??.??"]
[Source "www.chesslib.no"]
[SourceDate "2004.05.04"]

1. d4 d5 2. c4 c5 3. e3 Nf6 4. Nc3 Bf5 5. Nf3 e6 6. Qb3 b6 7. Bd2 Be7 8. Be2 O-O 9. O-O a6 10. Ne5 dxc4 11. Nxc4 b5 12. Ne5 cxd4 13. exd4 Qxd4 14. Nf3 Qb4 15. Qxb4 Bxb4 16. a4 bxa4 17. Rxa4 a5 18. Nd4 Bg6 19. Bf3 Ra6 20. Bg5 Nfd7 21. h4 Nc5 22. Ra2 f6 23. Be3 e5 24. Ndb5 Nbd7 25. Nc7 Rd6 26. N3d5 Kh8 27. Nxb4 axb4 28. Ra5 Nd3 29. h5 Bf7 30. Rd1 Bc4 31. Nb5 Re6 32. b3 Bxb5 33. Rxb5 e4 34. Bxe4 Rxe4 35. Rxd3 Ne5 36. Rd4 Rxd4 37. Bxd4 Re8 38. Bxe5 fxe5 39. Rxb4 Kg8 40. Kf1 Kf7 41. Rb6 Rd8 42. Ke2 Rd4 43. f3 Rh4 44. g4 e4 45. Ke3 exf3 46. Kxf3 Rh3+ 47. Kf4 Rh1 48. b4 Rf1+ 49. Ke3 Re1+ 50. Kf2 Re4 51. Kf3 Rc4 52. b5 Rb4 53. g5 h6 54. Rb7+ Ke6 55. gxh6 gxh6 56. b6 Kf5 57. Rb8 Kg5 58. b7 Kxh5 59. Ke3 Kh4 60. Kd3 Kh3 61. Kc3 Rb1 62. Kc4 h5 63. Kc5 h4 64. Kc6 Rc1+ 65. Kd6 Rd1+ 66. Kc5 Rc1+ 1/2-1/2

[Event "France (championnat N2)"]
[Site "?"]
[Date "2004.03.14"]
[Round "9.9"]
[White "Guichard Pauline"]
[Black "Houck Veronique"]
[Result "1-0"]
[WhiteElo "2029"]
[BlackElo "1510"]
[PlyCount "82"]
[EventDate "2004.??.??"]
[Source "www.chesslib.no"]
[SourceDate "2004.05.04"]

1. d4 d5 2. c4 c5 3. cxd5 Qxd5 4. Nf3 Nc6 5. Nc3 Qd8 6. d5 Nb4 7. e4 e6 8. Bf4 Nf6 9. Bb5+ Bd7 10. dxe6 fxe6 11. O-O Be7 12. Qb3 Nxe4 13. Bxd7+ Qxd7 14. Nxe4 Nd5 15. Bg5 b6 16. Rfe1 O-O 17. Bxe7 Qxe7 18. Neg5 Nf4 19. Nxe6 Nxe6 20. Qxe6+ Qxe6 21. Rxe6 Rfd8 22. Rae1 Kf8 23. g3 Rd3 24. Ng5 h6 25. Ne4 Rad8 26. f4 c4 27. Kf2 Kf7 28. Rc6 R3d4 29. Rc7+ R8d7 30. Rxd7+ Rxd7 31. Ke2 b5 32. b3 Rd4 33. Nf2 c3 34. Rd1 Rxd1 35. Kxd1 b4 36. Nd3 a5 37. Ne5+ Ke6 38. Nc4 Kd5 39. Nxa5 Kc5 40. Kc2 Kb5 41. Nc4 Kc5 1-0

[Event "Chargers-Pawns"]
[Site "?"]
[Date "1999.01.21"]
[Round "?"]
[White "Dobr, K."]
[Black "Stinson, M."]
[Result "0-1"]
[WhiteElo "1485"]
[BlackElo "1952"]
[PlyCount "69"]
[EventDate "1999.??.??"]
[Source "www.chesslib.no"]
[SourceDate "2004.05.04"]

1. d4 d5 2. c4 c5 3. dxc5 Nc6 4. cxd5 Ne5 5. e4 Nf6 6. Nc3 e6 7. d6 Bd7 8. f4 Nc6 9. Nf3 g6 10. e5 Nd5 11. Bd2 Bg7 12. Nb5 O-O 13. Bc4 a6 14. Bxd5 exd5 15. Nc7 Rb8 16. Nxd5 Bg4 17. O-O f6 18. Bc3 fxe5 19. Qb3 Kh8 20. Nxe5 Nxe5 21. Bxe5 Qa5 22. Bxg7+ Kxg7 23. Qc3+ Qxc3 24. Nxc3 Rbc8 25. b4 a5 26. a3 Kf7 27. Rfe1 Rfe8 28. Nd5 Rxe1+ 29. Rxe1 Be6 30. Nc7 Rxc7 31. dxc7 Bc8 32. bxa5 h6 33. h3 h5 34. Kf2 h4 35. Rd1 0-1

[Event "Ludwigshafen-ch"]
[Site "Ludwigshafen"]
[Date "1998.??.??"]
[Round "5"]
[White "Ahrens, Eva"]
[Black "Lohmueller, Franz"]
[Result "0-1"]
[WhiteElo "1492"]
[BlackElo "1818"]
[PlyCount "90"]
[EventDate "1998.??.??"]
[Source "www.chesslib.no"]
[SourceDate "2004.05.04"]

1. d4 d5 2. c4 c5 3. Nf3 Nc6 4. cxd5 Qxd5 5. Nc3 Qd8 6. e3 cxd4 7. Nxd4 Nxd4 8. exd4 e6 9. Be3 Bd7 10. Be2 Bc6 11. O-O Nf6 12. Rc1 Rc8 13. a3 Nd5 14. Nxd5 Qxd5 15. Bf3 Qd7 16. Bxc6 Rxc6 17. Qf3 Qd5 18. Qg3 Qd6 19. Qe5 Qxe5 20. dxe5 a6 21. Rxc6 bxc6 22. Rc1 Kd7 23. Kf1 Be7 24. Ke2 Rb8 25. Rc2 Rb5 26. f4 g5 27. g3 f6 28. Bd4 f5 29. b4 g4 30. Kd3 a5 31. Bc5 Bxc5 32. Rxc5 axb4 33. Rxb5 cxb5 34. axb4 Kc6 35. Kd4 h6 36. Kc3 Kd5 37. Kd3 h5 38. Kc3 Ke4 39. Kd2 Kd4 40. Kc2 Ke3 41. Kc3 Ke4 42. Kc2 Kf3 43. Kd2 Kg2 44. Ke2 Kxh2 45. Kf2 Kh3 0-1

[Event "Baker-Dragons"]
[Site "?"]
[Date "2006.04.13"]
[Round "?"]
[White "Freidel, Paul"]
[Black "Breyer, A."]
[Result "1-0"]
[WhiteElo "1896"]
[BlackElo "1321"]
[PlyCount "43"]
[EventDate "2006.??.??"]
[Source "www.chesslib.no"]
[SourceDate "2004.05.04"]

1. d4 d5 2. c4 c5 3. dxc5 e6 4. cxd5 exd5 5. Nc3 Be6 6. e3 a6 7. Na4 Bxc5 8. Nxc5 Qa5+ 9. Bd2 Qxc5 10. Rc1 Qd6 11. Bc3 f6 12. Qb3 Qd7 13. Qc2 Nc6 14. Bd3 h6 15. Ne2 O-O-O 16. Ba5 Re8 17. Bxa6 Kb8 18. Bb5 Nge7 19. Bb6 Rc8 20. Qa4 g5 21. Rc3 d4 22. Ra3 1-0